000 00775nam a2200229 i 4500
001 7067
003 ES-MaACL
005 20230906145143.0
007 t|
008 010322m19901996sp a c |||| | spa d
020 _a84-239-4310-0
080 _a75:069.538(460.27 M.)
110 2 _aMuseo Nacional del Prado.
_9160001
245 1 0 _aInventario general de pinturas.
260 _aMadrid :
_bMuseo del Prado :
_bEspasa-Calpe,
_c1990-1996.
300 _a3 v. :
_bil. ;
_c32 cm.
500 _aÍndices.
505 8 _aContiene: 1 ;
_tLa colección real - 2 ;
_tEl Museo de la Trinidad - 3 ;
_tNuevas adquisiciones ; Museo iconográfico ; Tapices
650 2 4 _aMuseo Nacional del Prado-
_vCatálogos.
_9195325
852 _aES-MaACL
_jB-16-18
_z- enc. tela
999 _c7067
_d7067